<?xml version="1.0" encoding="UTF-8"?><?xml-stylesheet type="text/xsl" href="static/style.xsl"?><OAI-PMH xmlns="http://www.openarchives.org/OAI/2.0/" xmlns:xsi="http://www.w3.org/2001/XMLSchema-instance" xsi:schemaLocation="http://www.openarchives.org/OAI/2.0/ http://www.openarchives.org/OAI/2.0/OAI-PMH.xsd"><responseDate>2026-06-03T22:31:16Z</responseDate><request verb="GetRecord" identifier="oai:riuma.uma.es:10630/30850" metadataPrefix="marc">https://riuma.uma.es/rest/oai/request</request><GetRecord><record><header><identifier>oai:riuma.uma.es:10630/30850</identifier><datestamp>2026-02-03T12:38:31Z</datestamp><setSpec>com_10630_2254</setSpec><setSpec>col_10630_37957</setSpec></header><metadata><record xmlns="http://www.loc.gov/MARC21/slim" xmlns:dcterms="http://purl.org/dc/terms/" xmlns:doc="http://www.lyncode.com/xoai" xmlns:xsi="http://www.w3.org/2001/XMLSchema-instance" xsi:schemaLocation="http://www.loc.gov/MARC21/slim http://www.loc.gov/standards/marcxml/schema/MARC21slim.xsd">
   <leader>00925njm 22002777a 4500</leader>
   <datafield ind2=" " ind1=" " tag="042">
      <subfield code="a">dc</subfield>
   </datafield>
   <datafield ind2=" " ind1=" " tag="720">
      <subfield code="a">Gómez Palomo, Juan Miguel</subfield>
      <subfield code="e">author</subfield>
   </datafield>
   <datafield ind2=" " ind1=" " tag="260">
      <subfield code="c">2024</subfield>
   </datafield>
   <datafield ind2=" " ind1=" " tag="520">
      <subfield code="a">El incremento en la esperanza de vida se ha acompañado de un aumento en la incidencia de fractura de cadera.&#xd;
El objetivo principal del presente trabajo es definir cuáles son las variables con mayor influencia en los resultados y calidad de vida del paciente con fractura del cuello femoral tratada con artroplastia, ya sea con artroplastia total de cadera (ATC) o hemiartroplastia (HA).&#xd;
Método&#xd;
Se llevó a cabo un estudio retrospectivo observacional analítico de casos y controles. Se incluyeron 476 pacientes con fractura desplazada del cuello femoral tratados con ATC o HA en el periodo comprendido entre enero del 2015 y diciembre del 2017.&#xd;
Conclusiones&#xd;
La toma de antiagregantes o anticoagulantes, insuficiencia renal crónica y vida cama-sillón se correlacionaron con mayor mortalidad intrahospitalaria. La anemia crónica, enfermedad respiratoria, insuficiencia renal crónica y vida cama-sillón se han relacionado con un incremento en la mortalidad durante el primer año. La hemoglobina preoperatoria &lt; 12 g/dL, creatinina preoperatoria > 1,3 mg/dL y toma de antiagregantes o anticoagulantes se han correlacionado con un aumento de las complicaciones sistémicas. La infección periprotésica se correlacionó con hepatopatía crónica, antecedente de enfermedad tromboembólica y presencia de luxación concomitante. La enfermedad mental, neoplasia pulmonar e infección periprotésica concomitante se asociaron con luxación protésica.</subfield>
   </datafield>
   <datafield ind1="8" ind2=" " tag="024">
      <subfield code="a">https://hdl.handle.net/10630/30850</subfield>
   </datafield>
   <datafield tag="653" ind2=" " ind1=" ">
      <subfield code="a">Artroplastia - Complicaciones y secuelas - Tesis doctorales</subfield>
   </datafield>
   <datafield tag="653" ind2=" " ind1=" ">
      <subfield code="a">Cadera - Lesiones y heridas - Tesis doctorales</subfield>
   </datafield>
   <datafield tag="653" ind2=" " ind1=" ">
      <subfield code="a">Calidad de vida - Pacientes - Tesis doctorales</subfield>
   </datafield>
   <datafield ind2="0" ind1="0" tag="245">
      <subfield code="a">Resultados, calidad de vida y evaluación económica en las fracturas del cuello femoral tratadas con artroplastia.</subfield>
   </datafield>
</record>
</metadata></record></GetRecord></OAI-PMH>